000
00363nam a2200133Ia 4500
008
151001s9999||||xx |||||||||||||| ||und||
100
_a
Robin Sharma
245
_a
Family Wisdom fom the monk who sold his ferrari
250
_a
1
260
_b
Jaico pub.house
260
_c
2005
300
_a
198
365
_b
21
999
_c
985906
_d
985903